000 01007nam a2200217Ia 4500
003 Ost
005 20260507075132.0
008 260507s9999||||xx |||||||||||||| ||und||
020 _a2225328977
040 _cfsecg
041 _aara
082 _a330
100 _aغانم، شريف محمد
_eمؤلف
245 0 _aحماية العلامات التجارية عبر الأنترنت في علاقتها بالعنوان الإلكتروني /
_c شريف محمد غانم
260 _aالإسكندرية:
_bدار الجامعة الجديدة,
_c2007
300 _a275 صفحة؛
_bإيضاحات ؛
_c25 سم
520 _aالتعريف بالعنوان الإلكتروني- التنازع بين العنوان الإلكترونية والعلامة التجارية- وسائل تسوية المنازعات بين العنوان الإلكتروني والعلامة التجارية.
653 _aالتجارة
653 _aالعلامات التجارية
942 _cكتاب
999 _c43223
_d43223